00298nam a2200109Ia 4500003000400000008004100004040001600045082002200061245002000083260008000103490000500183GCL140319s9999 xx 000 0 ara d aGCL / cGCL04aطb813.02bا ا10aاتمنى لو a[S.N] : bالهيئة المصرية العامة للكتاب ، c1994 a